Federal Systems of India and Pakistan. (Record no. 6440)

MARC details
000 -LEADER
fixed length control field 00644nam a2200253 a 4500
020 ## - INTERNATIONAL STANDARD BOOK NUMBER
ISBN 8170446
082 00 - DEWEY DECIMAL CLASSIFICATION NUMBER
Classification number 320.0954
Author Cutter SHA
100 ## - MAIN ENTRY--AUTHOR NAME
Author name Sharma, Jai Prakash
245 ## - TITLE STATEMENT
Title Federal Systems of India and Pakistan.
260 ## - PUBLICATION, DISTRIBUTION, ETC. (IMPRINT)
Place of publication Jaipur
Name of publisher Printwell Publishers
Year of publication 1987
300 ## - PHYSICAL DESCRIPTION
Number of Pages 160p
500 ## - GENERAL NOTE
General note includes index and biblioraphy
505 2# - FORMATTED CONTENTS NOTE
Formatted contents note Index
650 ## - SUBJECT ADDED ENTRY--TOPICAL TERM
Topical Term Politics-India
650 ## - SUBJECT ADDED ENTRY--TOPICAL TERM
Topical Term Politics-Pakistan
942 ## - ADDED ENTRY ELEMENTS (KOHA)
Koha item type Books
700 1# -
-- Sharma, Jai Prakash
Holdings
Collection code Home library Current library Date acquired Cost, normal purchase price Full call number Accession Number Koha item type
  Henry Martyn Institute Library Henry Martyn Institute Library 04/05/2007 135.00 320.0954 SHA 012742 Books
                   Copyright © 2026 | Henry Martyn Institute | Hyderabad | TS-500052 | INDIA | Implemented by hmi.edu.in
Hit-Count:

Powered by Koha